Normal view
MARC view
- Edited by Mohibul Haq Sahibzada
Entry Personal Name
001 - CONTROL NUMBER
- control field: 28016
003 - CONTROL NUMBER IDENTIFIER
- control field: NUST
005 - DATE AND TIME OF LATEST TRANSACTION
- control field: 20200125151551.0
008 - FIXED-LENGTH DATA ELEMENTS
- fixed length control field: 200125|| aca||aabn | a|a d
040 ## - CATALOGING SOURCE
- Original cataloging agency: NUST
- Transcribing agency: NUST
100 ## - HEADING--PERSONAL NAME
- Personal name: Edited by Mohibul Haq Sahibzada
670 ## - SOURCE DATA FOUND
- Source citation: Work cat.: (NUST): Edited by Mohibul Haq Sahibzada, Poverty Alleviation in Pakistan /, 1997.
